Až uvidíš moře /

Poutavé vyprávění o nelehkých osudech řeckých uprchlíků mezi námi v druhé polovině minulého století. Kniha vypovídá o historii Řecka, o občanské válce, která zemi rozdělila, a o minulosti řecké komunity u nás.

Hlavní autor: Wilková, Scarlett, 1969-
Jazyk: Čeština
Vydáno: Praha : Motto, 2022
Vydání: 1. vydání
Témata:
Fyzický popis: 421 stran ; 21 cm
Knihy
Uloženo v:
LEADER 02287nam a2200421 i 4500
001 nkc20223418911
003 CZ PrNK
005 20250909112544.0
007 ta
008 220502s2022 xr g 000 f cze d
015 |a cnb003418911 
020 |a 978-80-267-2260-1  |q (vázáno) :  |c Kč 449,00 
035 |a (OCoLC)1335743819 
040 |a TUG001  |b cze  |d ABG001  |e rda 
072 7 |a 821.162.3-3  |x Česká próza  |2 Konspekt  |9 25 
080 |a 821.162.3-31  |2 MRF 
080 |a (0:82-31)  |2 MRF 
100 1 |a Wilková, Scarlett,  |d 1969-  |7 xx0067867  |4 aut 
245 1 0 |a Až uvidíš moře /  |c Scarlett Wilková 
250 |a 1. vydání 
264 1 |a Praha :  |b Motto,  |c 2022 
300 |a 421 stran ;  |c 21 cm 
336 |a text  |b txt  |2 rdacontent 
337 |a bez média  |b n  |2 rdamedia 
338 |a svazek  |b nc  |2 rdacarrier 
520 2 |a Poutavé vyprávění o nelehkých osudech řeckých uprchlíků mezi námi v druhé polovině minulého století. Kniha vypovídá o historii Řecka, o občanské válce, která zemi rozdělila, a o minulosti řecké komunity u nás.  |b V roce 1948 přijalo Československo tisíce uprchlíků, kteří za dramatických okolností opustili občanskou válkou rozdělené Řecko. S první vlnou emigrantů přichází i desetiletá Sotiria - neumí česky, o svých rodičích nemá zprávy a neví, co s ní bude. Roky plynou a na pozadí jejího osudu se odvíjí rodinná sága plná tajemství a stesku po rodné zemi. Uvidí někdy Sotiria řecké moře? Pokud se do své vlasti skutečně vydá, možná tam najde víc, než čekala... Nakladatelská anotace. 
655 7 |a české romány  |7 fd133974  |2 czenas 
655 9 |a Czech fiction  |2 eczenas 
910 2 |a BOA001  |b 2-1487.323 
920 |a 4648407  |z ABG001 
928 9 |a Albatros Media - Motto 
990 |a BK 
995 |a 01 
991 |b 202206  |c NOV 
996 6 |b 2610905298  |c 2-1487.323  |l MZK  |r Sklad / do 1 hodiny  |n 14  |p p.v.  |w 001888402  |u 000010  |a 1  |e BOA001  |j MZK50  |s P 
996 7 |b 2610915748  |c 2-1487.323  |l MZK  |r Sklad / do 1 hodiny  |n 35  |p kup  |w 001888402  |u 000020  |a 1  |e BOA001  |j MZK50  |s A 
996 7 |b 2610954982  |c 2-1487.323  |l MZK  |r Sklad / do 1 hodiny  |n 19  |p kup  |w 001888402  |u 000030  |a 1  |e BOA001  |j MZK50  |s A 
996 7 |b 2611011922  |c 2-1487.323  |l MZK  |r Sklad / do 1 hodiny  |n 7  |p kup  |w 001888402  |u 000040  |a 1  |e BOA001  |j MZK50  |s A